|
|
|
|
| LEADER |
02131nam a2200373 u 4500 |
| 001 |
10025778 |
| 003 |
upatras |
| 005 |
20210117205923.0 |
| 008 |
980308s1969 uk eng |
| 020 |
|
|
|a 0198511051
|q ((hbk))
|
| 020 |
|
|
|a 0198511655
|q ((pbk))
|
| 040 |
|
|
|a GR-PaULI
|c GR-PaULI
|
| 041 |
0 |
|
|a eng
|
| 082 |
0 |
4 |
|a 548.8
|
| 100 |
1 |
|
|a Nye, J. F.
|9 151802
|
| 245 |
1 |
0 |
|a Physical properties of crystals
|b their representation by tensors and matrices
|c J. F. Nye
|
| 260 |
|
|
|a Oxford
|b Clarendon Press
|c 1969
|
| 300 |
|
|
|a xv, 322 p.
|b fig., tab.
|c 24 cm.
|
| 504 |
|
|
|a Includes appendix, bibliography and indexes
|
| 650 |
|
4 |
|a Κρυσταλλογραφία
|9 668
|
| 650 |
|
4 |
|a Κρύσταλλοι
|x Φυσικές ιδιότητες
|9 151803
|
| 852 |
|
|
|a GR-PaULI
|b ΠΑΤΡΑ
|b ΒΚΠ
|b ΒΣ1
|k ΑΣΧΕ
|h 548.8 N
|m 03319
|p 025000091672
|t 5
|
| 852 |
|
|
|a GR-PaULI
|b ΠΑΤΡΑ
|b ΒΚΠ
|b ΒΣ1
|k ΑΣΧΞ
|h 548.8 N
|m 050815
|p 025000067590
|t 4
|
| 852 |
|
|
|a GR-PaULI
|b ΠΑΤΡΑ
|b ΦΥΣΙΚΟ
|k ΑΕΧ-1
|h 548.8 NYE
|m 00040
|p 025000021058
|t 1
|
| 852 |
|
|
|a GR-PaULI
|b ΠΑΤΡΑ
|b ΦΥΣΙΚΟ
|k ΑΕΧ-1
|h 548.8 NYE
|m 00702
|p 025000021072
|t 2
|
| 852 |
|
|
|a GR-PaULI
|b ΠΑΤΡΑ
|b ΦΥΣΙΚΟ
|k ΑΕΧ-1
|h 548.8 NYE
|m 01865
|p 025000021055
|t 3
|
| 942 |
|
|
|2 ddc
|c BK15
|
| 952 |
|
|
|0 0
|1 0
|4 0
|6 548_800000000000000_N
|7 0
|9 195560
|a LISP
|b LISP
|c BSC
|d 2016-04-24
|i 03319
|l 0
|o 548.8 N
|p 025000091672
|r 2016-04-24 00:00:00
|t 5
|w 2016-04-24
|y BK15
|
| 952 |
|
|
|0 0
|1 0
|4 0
|6 548_800000000000000_N
|7 0
|9 195561
|a LISP
|b LISP
|c BSC
|d 2016-04-24
|i 050815
|l 2
|m 1
|o 548.8 N
|p 025000067590
|r 2016-08-29 00:00:00
|s 2016-07-25
|t 4
|w 2016-04-24
|y BK15
|
| 952 |
|
|
|0 0
|1 0
|4 0
|6 548_800000000000000_NYE
|7 0
|9 195562
|a PHYS
|b PHYS
|d 2016-04-24
|i 00040
|l 0
|o 548.8 NYE
|p 025000021058
|r 2016-04-24 00:00:00
|t 1
|w 2016-04-24
|y BK15
|
| 952 |
|
|
|0 0
|1 0
|4 0
|6 548_800000000000000_NYE
|7 0
|9 195563
|a PHYS
|b PHYS
|d 2016-04-24
|i 00702
|l 0
|o 548.8 NYE
|p 025000021072
|r 2016-04-24 00:00:00
|t 2
|w 2016-04-24
|y BK15
|
| 952 |
|
|
|0 0
|1 0
|4 0
|6 548_800000000000000_NYE
|7 0
|9 195564
|a PHYS
|b PHYS
|d 2016-04-24
|i 01865
|l 0
|o 548.8 NYE
|p 025000021055
|r 2016-04-24 00:00:00
|t 3
|w 2016-04-24
|y BK15
|
| 998 |
|
|
|c ΠΑΝΑΓΟΠΟΥΛΟΥ
|d 1999-09
|
| 999 |
|
|
|c 120005
|d 120005
|